000 00751cab a2200217 4500
001 ABS43109
008 090401t1990 xxu||||| |||| 00| 0 eng d
035 _a(Sirsi) u40465
041 _aeng
100 _aHosker, H.
245 _aQuality assurance: BS5750 approval
260 _c1990
350 _a0
490 _aArchitects` Journal
_v192(1) July 1990 67-69(3)
520 _aDescribes the procedures followed by BDP in getting its quality assurance scheme accepted for certification under BS5750 including setting up working parties and appointing external assessors.
650 _aPRACTICE MANAGEMENT
650 _aQUALITY SYSTEMS
690 _aMANAGEMENT-BUSINESS MANAGEMENT-PROFESSIONAL PRACTICE
942 _n0
948 _c04/03/1997
999 _c25933
_d25933